| 000 | 00494nam a2200205Ia 4500 | ||
|---|---|---|---|
| 999 |
_c21059 _d21059 |
||
| 003 | 0100 | ||
| 005 | 20181108123625.0 | ||
| 008 | 130303s9999 xx 000 0 und d | ||
| 020 | _a9966468293 | ||
| 040 | _cARRUPELIB | ||
| 050 | _aBT30.A438M84 1989 | ||
| 100 |
_aMugambi, Jesse Ndwiga Kanyua _943308 |
||
| 245 |
_aAfrican Christian theology _ban introduction _cJ.N.K. Mugambi |
||
| 260 |
_aNairobi _bEast African Educational Publishers _c1989 |
||
| 300 |
_a152p. _c 21cm. |
||
| 650 |
_aTheology, Doctrinal _zAfrica _98574 |
||
| 942 | 0 | 0 |
_05 _2lcc _cMONOGRAPH |